<?xml version="1.0" encoding="UTF-8"?>
<collection xmlns="http://www.loc.gov/MARC21/slim">
  <record>
    <leader>00000nam  2200000   4500</leader>
    <controlfield tag="001">INLIS000000000019295</controlfield>
    <controlfield tag="005">20250214034012</controlfield>
    <datafield tag="035" ind1="#" ind2="#">
      <subfield code="a">0010-0225000252</subfield>
    </datafield>
    <controlfield tag="007">ta</controlfield>
    <controlfield tag="008">250214################g##########0#ind##</controlfield>
    <datafield tag="100" ind1=" " ind2="#">
      <subfield code="a">Joko Purnomo</subfield>
    </datafield>
    <datafield tag="245" ind1="1" ind2="#">
      <subfield code="a">Globalisasi dan Politik Pembangunan Internasional /</subfield>
      <subfield code="c">Joko Purnomo, Irza Khurunin, Raissa Ardianti</subfield>
    </datafield>
    <datafield tag="260" ind1="#" ind2="#">
      <subfield code="a">Malang :</subfield>
      <subfield code="b">UB Press,</subfield>
      <subfield code="c">2018</subfield>
    </datafield>
    <datafield tag="300" ind1="#" ind2="#">
      <subfield code="a">xxxi, 223 hal ;</subfield>
      <subfield code="c">5.0 MB</subfield>
    </datafield>
    <datafield tag="650" ind1="#" ind2="4">
      <subfield code="a">Politik</subfield>
    </datafield>
    <datafield tag="650" ind1="#" ind2="4">
      <subfield code="a">Pembangunan Nasional</subfield>
    </datafield>
    <datafield tag="020" ind1="#" ind2="#">
      <subfield code="a">978-602-432-340-0</subfield>
    </datafield>
    <datafield tag="082" ind1="#" ind2="#">
      <subfield code="a">337</subfield>
    </datafield>
    <datafield tag="084" ind1="#" ind2="#">
      <subfield code="a">337 JOK g</subfield>
    </datafield>
    <datafield tag="520" ind1="#" ind2="#">
      <subfield code="a">Buku ini mendorong pembaca untuk menganalisa secara kritis problematika pembangunan internasional yang dibangun dalam konteks globalisasi neoliberal dengan sejarahnya yang panjang Dr Maharani Hapsari Dosen Departemen Hubungan Internasional Universitas Gadjah MadaBuku ini mendorong pembaca untuk menganalisa secara kritis problematika pembangunan internasional yang dibangun dalam konteks globalisasi neoliberal dengan sejarahnya yang panjang Dr Maharani Hapsari Dosen Departemen Hubungan Internasional Universitas Gadjah Mada</subfield>
    </datafield>
    <datafield tag="856" ind1="#" ind2="#">
      <subfield code="a">https://web-ipustakalan.moco.co.id/book/e624b256-6c58-410a-8d1a-a1c498a337f9</subfield>
    </datafield>
    <datafield tag="990" ind1="#" ind2="#">
      <subfield code="a">2024/4/A/0174</subfield>
    </datafield>
    <datafield tag="990" ind1="#" ind2="#">
      <subfield code="a">2024/4/A/0175</subfield>
    </datafield>
  </record>
</collection>
